000 00381nam a22001697a 4500
003 LK-CoDNM
005 20250620100528.0
008 250620b |||||||| |||| 00| 0 eng d
040 _aLK-CoDNM
_dLK-CoDNM
_eLK-CoDNM
041 _apli
080 _a13
_bA1
245 _a10A1
300 _afolls10,20cm
650 _aපුස්කොල
650 _apalm leaf
942 _cPL
999 _c239754
_d239754